[Event "Yanofsky Memorial op"]
[Site "Winnipeg"]
[Date "2005.09.04"]
[Round "4"]
[White "Geley, Shawn"]
[Black "Kwiatek, Jordan"]
[Result "1/2-1/2"]
[WhiteElo "1540"]
[BlackElo "1724"]
[PlyCount "56"]
[EventDate "2005.09.03"]
[EventType "swiss"]
[EventRounds "6"]
[EventCountry "CAN"]
[SourceTitle "CBM 108 Extra"]
[Source "ChessBase"]
[SourceDate "2005.11.04"]
[SourceVersion "1"]
[SourceVersionDate "2005.11.04"]
[SourceQuality "1"]

1. e4 c5 2. Nf3 g6 3. c3 Bg7 4. d4 cxd4 5. cxd4 d5 6. e5 Nc6 7. Nc3 Bg4 8. Bb5 Nh6 9. h3 Bxf3 10. Qxf3 0-0 11. Be3 e6 12. 0-0 Nf5 13. Ne2 f6 14. exf6 Rxf6 15. Qg4 h5 16. Qf4 Bh6 17. Qh2 Nxe3 18. fxe3 Bxe3+ 19. Kh1 Nxd4 20. Qe5 Rxf1+ 21. Rxf1 Qb6 22. Qf6 e5 23. Qf7+ Kh8 24. Be8 Bh6 25. Rf6 Nxe2 26. Rxb6 axb6 27. Qxg6 Bg7 28. Qxh5+ Kg8 1/2-1/2